[Event "CRO-chT U20 26th"]
[Site "Sv Filip i Jakov"]
[Date "2018.04.07"]
[Round "10.24"]
[White "Ljubicic, Mario"]
[Black "Toplak, Juraj"]
[Result "0-1"]
[WhiteElo "1738"]
[BlackElo "2029"]
[PlyCount "108"]
[EventDate "2018.04.03"]
[EventType "team-swiss"]
[EventRounds "11"]
[EventCountry "CRO"]
[SourceTitle "CBM 184 Extra"]
[Source "ChessBase"]
[SourceDate "2018.06.28"]
[SourceVersion "1"]
[SourceVersionDate "2018.06.28"]
[SourceQuality "1"]

1. e4 Nf6 2. Nc3 d5 3. exd5 Nxd5 4. Nxd5 Qxd5 5. Nf3 Bg4 6. Be2 c5 7. 0-0 Nc6 8. b3 0-0-0 9. d3 f6 10. a4 e5 11. a5 g5 12. a6 b6 13. Ra4 h5 14. h3 Be6 15. Nh2 Bf7 16. Bf3 Qd7 17. Be4 Be7 18. Bb2 Rdg8 19. Qf3 Kc7 20. Bxc6 Qxc6 21. Bxe5+ Kd7 22. Qxc6+ Kxc6 23. Bc3 Bd5 24. Re1 Rh7 25. Bd2 Kd7 26. Re2 Bd6 27. g3 f5 28. Ra1 h4 29. g4 Rf7 30. gxf5 g4 31. hxg4 Bxh2+ 32. Kxh2 Rxg4 33. f4 Rxf5 34. Kh3 Rg6 35. Rae1 Rg7 36. Rc1 Rh5 37. Kh2 Be6 38. Re3 Rg4 39. Re2 Rg3 40. Re3 Rg4 41. Rf3 Bd5 42. Rf2 h3 43. Rg1 Rg2+ 44. Rfxg2 hxg2+ 45. Kg3 Rh1 46. Be3 Ke6 47. Kg4 Rh7 48. c4 Bc6 49. d4 Rg7+ 50. Kh4 cxd4 51. Bxd4 Rd7 52. Re1+ Kf5 53. Be5 Rh7+ 54. Kg3 Rh1 0-1

[Event "CRO-chT U20 26th"]
[Site "Sv Filip i Jakov"]
[Date "2018.04.06"]
[Round "8.24"]
[White "Toplak, Juraj"]
[Black "Svabenic, Stjepan"]
[Result "1-0"]
[WhiteElo "2029"]
[BlackElo "1225"]
[PlyCount "49"]
[EventDate "2018.04.03"]
[EventType "team-swiss"]
[EventRounds "11"]
[EventCountry "CRO"]
[SourceTitle "CBM 184 Extra"]
[Source "ChessBase"]
[SourceDate "2018.06.28"]
[SourceVersion "1"]
[SourceVersionDate "2018.06.28"]
[SourceQuality "1"]

1. e4 e5 2. Nf3 Nc6 3. c3 Nf6 4. d4 exd4 5. e5 Nd5 6. Qb3 Nb6 7. cxd4 Bb4+ 8. Nc3 d6 9. Bb5 Bxc3+ 10. bxc3 Bd7 11. 0-0 a6 12. Bg5 Ne7 13. exd6 cxd6 14. Bxe7 Kxe7 15. Bxd7 Nxd7 16. Ng5 Qf8 17. Qxb7 h6 18. Rfe1+ Kd8 19. Qxa8+ Kc7 20. Qa7+ Kd8 21. Nxf7+ Qxf7 22. Qa8+ Kc7 23. Qxh8 Nf8 24. Re3 Ne6 25. Qa8 1-0

[Event "CRO-ch U19"]
[Site "Vinkovci"]
[Date "2017.07.27"]
[Round "6"]
[White "Toplak, Juraj"]
[Black "Zadravec, Matija"]
[Result "1/2-1/2"]
[WhiteElo "2032"]
[BlackElo "2150"]
[PlyCount "40"]
[EventDate "2017.07.24"]
[EventType "swiss"]
[EventRounds "9"]
[EventCountry "CRO"]
[SourceTitle "EXT 2018"]
[Source "ChessBase"]
[SourceDate "2017.10.13"]
[SourceVersion "1"]
[SourceVersionDate "2017.10.13"]
[SourceQuality "1"]

1. c4 c6 2. Nf3 d5 3. b3 Bf5 4. g3 e6 5. Bg2 Nf6 6. 0-0 Bd6 7. Bb2 Nbd7 8. d3 0-0 9. Nbd2 e5 10. Nh4 Bg4 11. Re1 Nc5 12. Qc2 Qd7 13. e4 d4 14. b4 Ne6 15. c5 Bc7 16. h3 Bh5 17. Nc4 Rfe8 18. Kh2 h6 19. a4 Bg6 20. Ba3 Reb8 1/2-1/2

[Event "CRO-ch U19"]
[Site "Vinkovci"]
[Date "2017.07.24"]
[Round "1"]
[White "Safar, Sandro"]
[Black "Toplak, Juraj"]
[Result "1-0"]
[WhiteElo "2185"]
[BlackElo "2032"]
[PlyCount "59"]
[EventDate "2017.07.24"]
[EventType "swiss"]
[EventRounds "9"]
[EventCountry "CRO"]
[SourceTitle "EXT 2018"]
[Source "ChessBase"]
[SourceDate "2017.10.13"]
[SourceVersion "1"]
[SourceVersionDate "2017.10.13"]
[SourceQuality "1"]

1. e4 e6 2. d4 d5 3. Nd2 Nf6 4. e5 Nfd7 5. Bd3 c5 6. c3 Nc6 7. Ne2 Qb6 8. Nf3 cxd4 9. cxd4 f6 10. exf6 Nxf6 11. 0-0 Bd6 12. a3 0-0 13. b4 e5 14. dxe5 Nxe5 15. Ned4 Nfg4 16. h3 Nxf3+ 17. Nxf3 Bh2+ 18. Kh1 Nxf2+ 19. Rxf2 Qxf2 20. Kxh2 Bf5 21. Bxf5 Rxf5 22. Qd3 Raf8 23. Be3 Qb2 24. Bd4 Rxf3 25. Qd1 Qb3 26. gxf3 Qc4 27. Rc1 Qa2+ 28. Qc2 Qxa3 29. Qc7 Qa2+ 30. Rc2 1-0

[Event "CRO-ch U17"]
[Site "Vinkovci"]
[Date "2016.07.26"]
[Round "2"]
[White "Dabic, Stjepan"]
[Black "Toplak, Juraj"]
[Result "1/2-1/2"]
[WhiteElo "1741"]
[BlackElo "2030"]
[PlyCount "101"]
[EventDate "2016.07.25"]
[EventType "swiss"]
[EventRounds "9"]
[EventCountry "CRO"]
[SourceTitle "CBM 173 Extra"]
[Source "ChessBase"]
[SourceDate "2016.08.29"]
[SourceVersion "1"]
[SourceVersionDate "2016.08.29"]
[SourceQuality "1"]

1. d4 Nf6 2. c4 e6 3. Nc3 Bb4 4. Qc2 d5 5. Bg5 dxc4 6. e3 b5 7. a4 c6 8. Nf3 Bb7 9. Be2 0-0 10. 0-0 Bxc3 11. bxc3 Nbd7 12. Rfb1 a6 13. Bxc4 h6 14. Bh4 Qc8 15. Be2 Nb6 16. Bxf6 gxf6 17. c4 Nxa4 18. c5 Kh8 19. Nd2 f5 20. Nf3 f6 21. Nh4 Rg8 22. Bh5 Qd7 23. Ng6+ Rxg6 24. Bxg6 Rg8 25. Bh5 Qd5 26. g3 Bc8 27. Rxa4 bxa4 28. Qxa4 f4 29. Qd1 fxe3 30. fxe3 e5 31. Qf3 Qe6 32. Rf1 f5 33. dxe5 Qxe5 34. Qxc6 Qxe3+ 35. Rf2 Qe1+ 36. Kg2 Qe4+ 37. Bf3 Qxc6 38. Bxc6 Rg6 39. Ba4 Bb7+ 40. Kf1 Be4 41. Rd2 Bc6 42. Bc2 Rf6 43. Kf2 f4 44. Rd6 Rxd6 45. cxd6 fxg3+ 46. hxg3 Kg7 47. Bf5 Kf6 48. g4 h5 49. d7 Bxd7 50. Bxd7 hxg4 51. Bxg4 1/2-1/2

[Event "CRO-chT U20 25th"]
[Site "Sv Filip i Jakov"]
[Date "2016.03.23"]
[Round "5.1"]
[White "Muha, Miljenko"]
[Black "Toplak, Juraj"]
[Result "0-1"]
[WhiteElo "2277"]
[BlackElo "1945"]
[PlyCount "120"]
[EventDate "2016.03.21"]
[EventType "team-tourn"]
[EventRounds "9"]
[EventCountry "CRO"]
[SourceTitle "CBM 171 Extra"]
[Source "ChessBase"]
[SourceDate "2016.04.26"]
[SourceVersion "1"]
[SourceVersionDate "2016.04.26"]
[SourceQuality "1"]

1. d4 d5 2. c4 c6 3. Nf3 Nf6 4. Nc3 Bf5 5. cxd5 cxd5 6. Qb3 Qb6 7. Nxd5 Qxb3 8. Nxf6+ exf6 9. axb3 Bc2 10. Nd2 Bb4 11. Ra4 Nc6 12. e3 Bxd2+ 13. Bxd2 Bxb3 14. Ra3 Bd5 15. Bd3 Be6 16. b4 0-0 17. b5 Ne7 18. Ke2 Nc8 19. Rha1 Rb8 20. e4 b6 21. d5 Bd7 22. Bf4 Rb7 23. h4 Re8 24. Kd2 h6 25. f3 g5 26. Bg3 Kg7 27. hxg5 hxg5 28. Kc3 f5 29. e5 Rc7+ 30. Kd4 Rc5 31. f4 Rd8 32. d6 g4 33. Bh4 Re8 34. Bf6+ Kg6 35. Rxa7 Nxa7 36. Rxa7 Be6 37. Rb7 Rd5+ 38. Ke3 Rc8 39. Rc7 Rxc7 40. dxc7 Rc5 41. Bd8 Bc4 42. Bxc4 Rxc4 43. Kd3 Rc5 44. Kd4 g3 45. c8Q Rxc8 46. Bxb6 Rc2 47. Ke3 Rxg2 48. Kf3 Rb2 49. Kxg3 Rxb5 50. Bd8 Kh5 51. Bg5 Rb3+ 52. Kf2 Kg4 53. Bh6 Rb4 54. Ke3 Re4+ 55. Kd3 Rxf4 56. Bxf4 Kxf4 57. Kd4 Kg3 58. Kd5 f4 59. Kd6 f3 60. Ke7 f2 0-1

[Event "CRO-chT U16"]
[Site "Nasice"]
[Date "2015.12.27"]
[Round "1.3"]
[White "Cavlovic, Viktor"]
[Black "Toplak, Juraj"]
[Result "1/2-1/2"]
[WhiteElo "1611"]
[BlackElo "1985"]
[PlyCount "58"]
[EventDate "2015.12.27"]
[EventType "team-tourn"]
[EventRounds "7"]
[EventCountry "CRO"]
[SourceTitle "EXT 2019"]
[Source "ChessBase"]
[SourceDate "2018.10.10"]
[SourceVersion "1"]
[SourceVersionDate "2018.10.10"]
[SourceQuality "1"]

1. e4 d5 2. exd5 Nf6 3. Bb5+ Nbd7 4. d4 Nxd5 5. Nf3 c6 6. Be2 Qc7 7. c4 Nf4 8. 0-0 g6 9. Ne5 Nxe5 10. Bxf4 Nf3+ 11. Bxf3 Qxf4 12. Qd2 Qxd2 13. Nxd2 Bg7 14. Nb3 0-0 15. Rfe1 Re8 16. Re2 Bf5 17. Rae1 Bf6 18. Be4 Bxe4 19. Rxe4 Rad8 20. Rd1 b6 21. Re3 Rd7 22. Red3 Red8 23. R3d2 Bg5 24. Rd3 c5 25. d5 Bf6 26. R3d2 Bg5 27. Rd3 Bf6 28. R3d2 Bg5 29. Rd3 Bf6 1/2-1/2

[Event "CRO-ch U17"]
[Site "Krapinske Toplice"]
[Date "2015.07.28"]
[Round "5"]
[White "Toplak, Juraj"]
[Black "Matanovic, Pavo"]
[Result "1-0"]
[WhiteElo "1808"]
[BlackElo "1718"]
[PlyCount "53"]
[EventDate "2015.07.25"]
[EventType "swiss"]
[EventRounds "9"]
[EventCountry "CRO"]
[SourceTitle "CBM 167 Extra"]
[Source "ChessBase"]
[SourceDate "2015.09.14"]
[SourceVersion "1"]
[SourceVersionDate "2015.09.14"]
[SourceQuality "1"]

1. e4 e5 2. Nf3 Nc6 3. Bb5 a6 4. Bxc6 dxc6 5. 0-0 Bg4 6. c3 c5 7. h3 Bxf3 8. Qxf3 Qd7 9. Na3 0-0-0 10. Nc2 f6 11. Rd1 h5 12. d4 cxd4 13. cxd4 exd4 14. Rxd4 Bd6 15. Bf4 Qe6 16. Bxd6 Rxd6 17. Rxd6 cxd6 18. Nd4 Qd7 19. Rc1+ Kb8 20. Qb3 Ne7 21. Qf7 Qa4 22. Ne6 Qxe4 23. Qxe7 Qd5 24. Qc7+ Ka7 25. Nd8 Re8 26. Nc6+ Ka8 27. Qd7 1-0

[Event "CRO-ch U17"]
[Site "Krapinske Toplice"]
[Date "2015.07.26"]
[Round "3"]
[White "Jurotic, Nino"]
[Black "Toplak, Juraj"]
[Result "1/2-1/2"]
[WhiteElo "1802"]
[BlackElo "1808"]
[PlyCount "70"]
[EventDate "2015.07.25"]
[EventType "swiss"]
[EventRounds "9"]
[EventCountry "CRO"]
[SourceTitle "CBM 167 Extra"]
[Source "ChessBase"]
[SourceDate "2015.09.14"]
[SourceVersion "1"]
[SourceVersionDate "2015.09.14"]
[SourceQuality "1"]

1. d4 d5 2. c4 e5 3. e3 exd4 4. Qxd4 Nf6 5. cxd5 Qxd5 6. Nf3 Nc6 7. Qxd5 Nxd5 8. a3 g6 9. Bc4 Nb6 10. Bb5 Bd7 11. Bd2 Bg7 12. Bc3 0-0 13. Bxg7 Kxg7 14. 0-0 a6 15. Bxc6 Bxc6 16. Nd4 Bd5 17. Nc3 c5 18. Nxd5 Nxd5 19. Ne2 Rfd8 20. Rfd1 Nc7 21. Nc3 Ne6 22. Kf1 Rxd1+ 23. Rxd1 Rd8 24. Rxd8 Nxd8 25. Nd5 Nc6 26. f4 f5 27. Ke2 Kf7 28. Kd3 Ke6 29. Nb6 Kd6 30. h3 Ne7 31. g4 Kc6 32. Nc4 b5 33. Nd2 Nd5 34. gxf5 gxf5 35. Nf3 Kd6 1/2-1/2

[Event "CRO-ch U15"]
[Site "Kastel Stafilic"]
[Date "2014.06.26"]
[Round "8"]
[White "Toplak, Juraj"]
[Black "Safar, Sandro"]
[Result "1/2-1/2"]
[WhiteElo "1751"]
[BlackElo "1707"]
[PlyCount "53"]
[EventDate "2014.06.22"]
[EventType "swiss"]
[EventRounds "9"]
[EventCountry "CRO"]
[SourceTitle "CBM 161 Extra"]
[Source "ChessBase"]
[SourceDate "2014.08.29"]
[SourceVersion "1"]
[SourceVersionDate "2014.08.29"]
[SourceQuality "1"]

1. d4 d5 2. Nf3 Nf6 3. e3 e6 4. Bd3 Bd6 5. 0-0 0-0 6. Nbd2 Nbd7 7. b3 e5 8. dxe5 Nxe5 9. Be2 Ne4 10. Bb2 Nxd2 11. Qxd2 Nxf3+ 12. Bxf3 c6 13. Rfd1 Be7 14. e4 dxe4 15. Bxe4 Qxd2 16. Rxd2 Be6 17. Rd3 Rad8 18. Rad1 Rxd3 19. Rxd3 Rd8 20. Rxd8+ Bxd8 21. Bd4 Bb6 22. Bxb6 axb6 23. Kf1 f5 24. Bd3 Kf7 25. Ke2 Kf6 26. Ke3 Ke5 27. g3 1/2-1/2

[Event "CRO-ch U15"]
[Site "Kastel Stafilic"]
[Date "2014.06.25"]
[Round "7"]
[White "Leskovar, Viktor"]
[Black "Toplak, Juraj"]
[Result "1/2-1/2"]
[WhiteElo "1523"]
[BlackElo "1751"]
[PlyCount "46"]
[EventDate "2014.06.22"]
[EventType "swiss"]
[EventRounds "9"]
[EventCountry "CRO"]
[SourceTitle "CBM 161 Extra"]
[Source "ChessBase"]
[SourceDate "2014.08.29"]
[SourceVersion "1"]
[SourceVersionDate "2014.08.29"]
[SourceQuality "1"]

1. e4 Nf6 2. e5 Nd5 3. d4 d6 4. exd6 cxd6 5. Bc4 Nb6 6. Bb3 Nc6 7. c3 g6 8. Nf3 Bg7 9. 0-0 0-0 10. Bg5 Qc7 11. Re1 Re8 12. Nbd2 Na5 13. a3 Nxb3 14. Qxb3 Be6 15. Qd1 Qd7 16. Rc1 Rac8 17. b3 h6 18. Be3 a5 19. c4 Bf5 20. d5 Na8 21. Nd4 Nc7 22. Nxf5 Qxf5 23. Nf3 g5 1/2-1/2

[Event "CRO-ch U15"]
[Site "Kastel Stafilic"]
[Date "2014.06.23"]
[Round "4"]
[White "Livaic, Leon"]
[Black "Toplak, Juraj"]
[Result "1/2-1/2"]
[WhiteElo "2066"]
[BlackElo "1751"]
[PlyCount "59"]
[EventDate "2014.06.22"]
[EventType "swiss"]
[EventRounds "9"]
[EventCountry "CRO"]
[SourceTitle "CBM 161 Extra"]
[Source "ChessBase"]
[SourceDate "2014.08.29"]
[SourceVersion "1"]
[SourceVersionDate "2014.08.29"]
[SourceQuality "1"]

1. d4 Nf6 2. c4 g6 3. Nc3 d5 4. cxd5 Nxd5 5. e4 Nxc3 6. bxc3 c5 7. Nf3 Bg7 8. Be3 Bg4 9. Rc1 Qa5 10. Qd2 Bxf3 11. gxf3 0-0 12. d5 Rd8 13. c4 Qa3 14. Bd3 Nc6 15. 0-0 Nd4 16. Kg2 Qa6 17. f4 Qf6 18. f3 Bh6 19. Kg3 Kh8 20. Kh3 e5 21. fxe5 Bxe3 22. Qxe3 Qxe5 23. f4 Qh5+ 24. Kg2 g5 25. fxg5 Rg8 26. Kh1 Rxg5 27. Qf4 Rag8 28. Qf6+ R8g7 29. Qd8+ Rg8 30. Qf6+ 1/2-1/2

[Event "CRO-chT3B Center North"]
[Site "Croatia"]
[Date "2014.05.11"]
[Round "5.3"]
[White "Toplak, Juraj"]
[Black "Tramburovski, Stevan"]
[Result "1/2-1/2"]
[WhiteElo "1696"]
[BlackElo "1833"]
[PlyCount "60"]
[EventDate "2014.04.06"]
[EventType "team-tourn"]
[EventRounds "9"]
[EventCountry "CRO"]
[SourceTitle "EXT 2019"]
[Source "ChessBase"]
[SourceDate "2018.10.10"]
[SourceVersion "1"]
[SourceVersionDate "2018.10.10"]
[SourceQuality "1"]

1. e4 e6 2. d4 d5 3. exd5 Qxd5 4. c4 Qd8 5. Nf3 Nf6 6. Nc3 Nc6 7. Be2 Be7 8. 0-0 0-0 9. b3 b6 10. Bb2 Bb7 11. Qd2 Bb4 12. Qe3 a6 13. Rfd1 Re8 14. a3 Bf8 15. Ne5 Ne7 16. Bf3 Nf5 17. Qe2 Bxf3 18. Nxf3 Qc8 19. Ne4 Nxe4 20. Qxe4 f6 21. Qc6 Nd6 22. Re1 Qb7 23. Qxb7 Nxb7 24. Rad1 Na5 25. Nd2 Rad8 26. b4 Nb7 27. c5 Kf7 28. Nc4 b5 29. Ne3 c6 30. f4 g6 1/2-1/2